Interpretative phenomenological analysis: theory, method and research (Record no. 1218836)

MARC details
000 -LEADER
fixed length control field 00716nam a2200229Ia 4500
003 - CONTROL NUMBER IDENTIFIER
control field OSt
005 - DATE AND TIME OF LATEST TRANSACTION
control field 20250828113636.0
008 - FIXED-LENGTH DATA ELEMENTS--GENERAL INFORMATION
fixed length control field 241004s9999 xx 000 0 und d
020 ## - INTERNATIONAL STANDARD BOOK NUMBER
International Standard Book Number 9781529753790
037 ## - SOURCE OF ACQUISITION
Stock number Textbook
040 ## - CATALOGING SOURCE
Original cataloging agency ARTS
Language of cataloging eng
Transcribing agency ARTS
041 ## - LANGUAGE CODE
Language code of text/sound track or separate title eng
Source of code eng
084 ## - COLON CLASSIFICATION NUMBER
Classification number S R2
Assigning agency ARTS
100 ## - MAIN ENTRY--PERSONAL NAME
Personal name Smith Jonathan A. Au.; Flowers Paul Au.; Larkin Michael Au.
9 (RLIN) 724685
245 ## - TITLE STATEMENT
Title Interpretative phenomenological analysis: theory, method and research
Statement of responsibility, etc. Smith Jonathan A. Au.; Flowers Paul Au.; Larkin Michael Au.
250 ## - EDITION STATEMENT
Edition statement 2nd
260 ## - PUBLICATION, DISTRIBUTION, ETC.
Place of publication, distribution, etc. USA
Name of publisher, distributor, etc. Los Angeles Sage
Date of publication, distribution, etc. 2022
300 ## - PHYSICAL DESCRIPTION
Extent 225p.
365 ## - TRADE PRICE
Price type code UKP
Price amount 34.99
942 ## - ADDED ENTRY ELEMENTS (KOHA)
Koha item type Textbook
Classification part S R2
Source of classification or shelving scheme Colon Classification (CC)
Suppress in OPAC No
Holdings
Withdrawn status Lost status Source of classification or shelving scheme Damaged status Not for loan Home library Current library Date acquired Source of acquisition Cost, normal purchase price Inventory number Total Checkouts Full call number Barcode Date last seen Price effective from Koha item type
    Colon Classification (CC)     Arts Library Arts Library 2024-12-06 New India Book Agency 34.99 4039 & 10/01/2023   S R2 AL1666894 2024-10-04 2024-10-04 Textbook
Copyright @ Delhi University Library System